"Humanistika" v slovenskej diaspóre

Bibliographic Details
Main Author: Špetko, Jozef, 1932-2006 (Author)
Format: Article
Language:Slovak

MARC

LEADER 00000nab a2200000uu 4500
001 vtls011509923
003 SK-MaSNL
005 20260303162424.0
008 230302|1991 xo |||||||||||||||||slo|
015 |a SNBRB 
035 |a (urnnbn)urn:nbn:sk:snk:ar-000fra 
035 |a (uuid)732a3658-3fae-4173-a9b9-850ef855eeea 
035 |a urn:nbn:sk:snk-abe0w9 
040 |a SNKBUCL  |b slo  |c SNKBUCL  |e AACR2 
041 0 |a slo 
044 |a xo  |c SK 
100 1 |a Špetko, Jozef,  |d 1932-2006  |4 aut  |9 93584 
245 1 0 |a "Humanistika" v slovenskej diaspóre  |c Jozef Špetko 
773 0 |t Slovenské pohľady  |g Roč. 107, č. 12 (1991), s. 166-173 
958 |a OND 
958 |a EUIPO 
958 |a article21 
999 |c 2054066  |d 2055996